Welcome to CU Library Online Public Access Catalogue (OPAC)

Kaleidoscope: (Record no. 9204)

MARC details
000 -LEADER
fixed length control field 00418nam a22001457a 4500
005 - DATE AND TIME OF LATEST TRANSACTION
control field 20260328110349.0
008 - FIXED-LENGTH DATA ELEMENTS--GENERAL INFORMATION
fixed length control field 260328b |||||||| |||| 00| 0 eng d
020 ## - INTERNATIONAL STANDARD BOOK NUMBER
International Standard Book Number 0395858801
020 ## - INTERNATIONAL STANDARD BOOK NUMBER
International Standard Book Number 9780395858806
050 ## - LIBRARY OF CONGRESS CALL NUMBER
Classification number PE1128
Item number .S594 SOK
100 ## - MAIN ENTRY--PERSONAL NAME
Personal name Sokmen Anita
245 ## - TITLE STATEMENT
Title Kaleidoscope:
Remainder of title Reading and Writing
Statement of responsibility, etc. Anita Sokmen & Daphne Mackey
260 ## - PUBLICATION, DISTRIBUTION, ETC.
Place of publication, distribution, etc. Boston
Name of publisher, distributor, etc. Houghton Mifflin Company
Date of publication, distribution, etc. 1998
942 ## - ADDED ENTRY ELEMENTS (KOHA)
Source of classification or shelving scheme Library of Congress Classification
Koha item type Books
Suppress in OPAC No
999 ## -
-- 9204
-- 9204
Holdings
Withdrawn status Lost status Source of classification or shelving scheme Damaged status Not for loan Collection Home library Current library Shelving location Date acquired Total checkouts Full call number Barcode Date last seen Copy number Price effective from Koha item type
    Library of Congress Classification     Non-fiction Business Library (Miotso) Business Library (Miotso) General stacks 03/27/2026   PE1128 .S594 SOK BSSM00003147 03/28/2026 1 03/27/2026 Books
© 2023-2024 Copyright: Central University Libraries. All Rights Reserved | Created by: Mahone Tech Office